Statistics for Countries with Wild Red Pandas (Ailurus fulgens)

Click here to take the quiz!

General Stats

  • This quiz has been taken 25 times
  • The average score is 5 of 5

Answer Stats

ContinentCountry% Correct
AsiaChina
100%
AsiaIndia
95%
AsiaNepal
90%
AsiaBhutan
85%
AsiaMyanmar
85%

Score Distribution

Percentile by Number Answered

Percent of People with Each Score

Your Score History

You have not taken this quiz